000 00382nam a2200145Ia 4500
005 20240619062047.0
008 240331s9999 xx 000 0 und d
082 _bGAN
_a491.48
100 _aGanesalingan, S
245 0 _aIladchiya kanavugal
_cS. Ganeshalingan
260 _aChennai
_bKumaran Publishers
_c1999
300 _a190 p .,
500 _aA social Novel in Tamil
942 _cL
999 _c3890
_d3890